000 00443nam a2200169Ia 4500
008 230524s9999 xx 000 0 und d
020 _a8120323165
082 _a621.382
_bGHO
100 _aSamarajit Ghosh
245 0 _aFundamentals of Electrical and Electronics Engineering
250 _a1ST
260 _aNEW DELHI
_bPrintice Hall
_c2003
300 _aXXIII;763
500 _aQuantity Number: 10
650 _aElectrical
942 _cBK
999 _c13341
_d13341